000
00288nam a2200121Ia 4500
005
20251222143230.0
008
251222s9999||||xx |||||||||||||| ||spa||
082
_a
449.901/C24
245
0
_a
Identidad Nacional del PerĂº
250
_a
1ra.ed.
264
_b
Cimagraf, S.R.L.
942
_c
LIB
999
_c
14150
_d
14150